Statistics for U.S. Cities With Spanish Names

Click here to take the quiz!

General Stats

  • This quiz has been taken 35,337 times
    (35,287 since last reset)
  • The average score is 8 of 14

Answer Stats

Population State City % Correct
3,990,456CALos Angeles
95%
1,425,976CASan Diego
89%
883,305CASan Francisco
87%
644,644NVLas Vegas
81%
1,532,233TXSan Antonio
79%
1,030,119CASan Jose
66%
682,669TXEl Paso
62%
560,218NMAlbuquerque
54%
508,529CASacramento
48%
274,975OHToledo
23%
508,958AZMesa
22%
530,093CAFresno
21%
332,725CASanta Ana
17%
288,061TXPlano
6%

Score Distribution

Percentile by Number Answered

Percent of People with Each Score

Your Score History

You have not taken this quiz since the last reset